Personnages Harry Potter sans voyelles #2 - Statistiques

Statistiques générales
  • Ce quiz a été pris 304 fois
  • Le résultat moyen est 15 sur 20
Statistiques - réponses
Indices Réponses % Correct
HRMN GRNGR Hermione Granger
100%
BLLTRX LSTRNG Bellatrix Lestrange
95%
MNRV MCGNGLL Minerva McGonagall
95%
CDRC DGGR Cedric Diggory
94%
CH CHNG Cho chang
94%
DLRS MBRG Dolores Ombrage
94%
HDWG Hedwige
94%
SLZR SRPNTRD Salazar Serpentard
94%
RMS LPN Remus Lupin
93%
NVLL LNDBT Neville Londubat
91%
BCK Buck
88%
HLG PFSFFL Helga Poufsouffle
82%
MNDNGS FLTCHR Mondingus fletcher
71%
GR KRKRFF Igor Karkaroff
68%
RT SKTR Rita Skeeter
68%
RGS RSRD Argus Rusard
58%
HNNH BBT Hannah Abbot
50%
RGG Aragog
39%
GRGR GL Gregory Goyle
33%
LCT CRRW Alecto Carrow
31%
Aucun quiz correspondant
Distribution des résultats
% des personnes avec chaque résultat
Percentile par nombre de réponses
Votre historique - résultats
Vous n’avez pas pris ce quiz